Normal view
MARC view
- Tsay, Bor-Yi.
Entry Personal Name
001 - CONTROL NUMBER
- control field: 45514
003 - CONTROL NUMBER IDENTIFIER
- control field: OSt
005 - DATE AND TIME OF LATEST TRANSACTION
- control field: 20220608094900.0
008 - FIXED-LENGTH DATA ELEMENTS
- fixed length control field: 220608|| aca||aabn | a|a d
040 ## - CATALOGING SOURCE
- Original cataloging agency: OSt
- Transcribing agency: OSt
100 ## - HEADING--PERSONAL NAME
- Personal name: Tsay, Bor-Yi.
670 ## - SOURCE DATA FOUND
- Source citation: Work cat.: (OSt): Tsay, Bor-Yi., The control environment in not-for-profit organizations:, 2011.
